Hindustan Kay Azeem Sipoot (Record no. 8927)
[ view plain ]
| 000 -LEADER | |
|---|---|
| fixed length control field | 00265nam a2200109Ia 4500 |
| 100 ## - MAIN ENTRY--AUTHOR NAME | |
| Personal name | Manmath Naath Datt |
| 245 #0 - TITLE STATEMENT | |
| Title | Hindustan Kay Azeem Sipoot |
| 260 ## - PUBLICATION, DISTRIBUTION, ETC. (IMPRINT) | |
| Place of publication | Lahore |
| Name of publisher | Print Line |
| Year of publication | 2003 |
| 300 ## - PHYSICAL DESCRIPTION | |
| Number of Pages | 444 |
| 942 ## - ADDED ENTRY ELEMENTS (KOHA) | |
| Koha item type | Books |
| Withdrawn status | Lost status | Collection code | Permanent Location | Current Location | Shelving location | Date acquired | Full call number | Accession Number | Koha item type |
|---|---|---|---|---|---|---|---|---|---|
| | | Urdu Literature | MAJU | MAJU | | 2019-09-14 | 891.430 | 4088 | Urdu Literature |